| 000 | 00369pab a2200145 454500 | ||
|---|---|---|---|
| 008 | 180718b2002 xxu||||| |||| 00| 0 eng d | ||
| 100 | _aPrabhakhar, Akhilesh Chandra | ||
| 245 | _aInequality in the global village: the future ahead | ||
| 260 | _c2002 | ||
| 300 | _ap.66-82. | ||
| 362 | _aApr-Jun | ||
| 650 | _aRural areas | ||
| 773 | _aWorld Affairs | ||
| 909 | _a53996 | ||
| 999 |
_c53996 _d53996 |
||